[Event "S16 a S20"]
[Site "Cambrils"]
[Date "2023.04.05"]
[Round "8.5"]
[White "Travesset Sagre, Jan"]
[Black "Juncosa Padros, Ernest"]
[Result "1-0"]
[TimeControl "90'+30\""]
[WhiteFideId "24538701"]
[WhiteElo "2207"]
[BlackElo "1949"]

1. d4 {[%clk 01:28:42]} {[%emt 00:02:09]} Nf6 {[%clk 01:30:51]} {[%emt
00:00:08]} 2. c4 {[%clk 01:28:57]} {[%emt 00:00:15]} e6 {[%clk 01:31:12]}
{[%emt 00:00:09]} 3. Nf3 {[%clk 01:29:22]} {[%emt 00:00:05]} d5 {[%clk
01:31:34]} {[%emt 00:00:08]} 4. g3 {[%clk 01:29:39]} {[%emt 00:00:13]} Be7
{[%clk 01:31:58]} {[%emt 00:00:07]} 5. Bg2 {[%clk 01:30:05]} {[%emt 00:00:04]}
O-O {[%clk 01:32:20]} {[%emt 00:00:08]} 6. Nbd2 {[%clk 01:30:20]} {[%emt
00:00:14]} b6 {[%clk 01:31:03]} {[%emt 00:01:48]} 7. cxd5 {[%clk 01:28:18]}
{[%emt 00:02:32]} exd5 {[%clk 01:31:25]} {[%emt 00:00:08]} 8. O-O {[%clk
01:28:36]} {[%emt 00:00:12]} Bb7 {[%clk 01:31:44]} {[%emt 00:00:10]} 9. Ne5
{[%clk 01:25:10]} {[%emt 00:03:57]} Nbd7 {[%clk 01:29:32]} {[%emt 00:02:42]} 10.
Ndf3 {[%clk 01:22:41]} {[%emt 00:02:59]} Re8 {[%clk 01:27:38]} {[%emt
00:02:24]} 11. Bf4 {[%clk 01:10:20]} {[%emt 00:12:51]} c5 {[%clk 01:07:24]}
{[%emt 00:20:43]} 12. a4 {[%clk 01:05:15]} {[%emt 00:05:36]} Nxe5 {[%clk
00:48:21]} {[%emt 00:19:32]} 13. Nxe5 {[%clk 01:04:40]} {[%emt 00:01:06]} Bd6
{[%clk 00:42:08]} {[%emt 00:06:43]} 14. Nf3 {[%clk 00:56:28]} {[%emt 00:08:41]}
Ne4 {[%clk 00:36:43]} {[%emt 00:05:55]} 15. Bxd6 {[%clk 00:55:52]} {[%emt
00:01:07]} Qxd6 {[%clk 00:37:04]} {[%emt 00:00:08]} 16. Rc1 {[%clk 00:42:06]}
{[%emt 00:14:16]} Rad8 {[%clk 00:33:17]} {[%emt 00:04:17]} 17. Qc2 {[%clk
00:38:54]} {[%emt 00:03:43]} Ba6 {[%clk 00:27:55]} {[%emt 00:05:52]} 18. Rfe1
{[%clk 00:28:41]} {[%emt 00:10:43]} Re7 {[%clk 00:27:20]} {[%emt 00:01:05]} 19.
e3 {[%clk 00:22:54]} {[%emt 00:06:17]} Rc8 {[%clk 00:24:16]} {[%emt 00:03:33]}
20. dxc5 {[%clk 00:11:56]} {[%emt 00:11:28]} bxc5 {[%clk 00:24:30]} {[%emt
00:00:17]} 21. b4 {[%clk 00:11:14]} {[%emt 00:01:12]} Rec7 {[%clk 00:20:12]}
{[%emt 00:04:48]} 22. b5 {[%clk 00:10:32]} {[%emt 00:01:13]} Bb7 {[%clk
00:20:35]} {[%emt 00:00:07]} 23. Nd2 {[%clk 00:07:44]} {[%emt 00:03:16]} f5
{[%clk 00:08:42]} {[%emt 00:12:24]} 24. Red1 {[%clk 00:07:17]} {[%emt
00:00:57]} Qe5 {[%clk 00:04:06]} {[%emt 00:05:06]} 25. f4 {[%clk 00:04:47]}
{[%emt 00:03:00]} Qe7 {[%clk 00:04:25]} {[%emt 00:00:12]} 26. Nf3 {[%clk
00:05:12]} {[%emt 00:00:05]} d4 {[%clk 00:02:05]} {[%emt 00:02:50]} 27. exd4
{[%clk 00:02:19]} {[%emt 00:03:23]} cxd4 {[%clk 00:02:29]} {[%emt 00:00:06]} 28.
Qb3+ {[%clk 00:02:22]} {[%emt 00:00:26]} Kh8 {[%clk 00:02:18]} {[%emt
00:00:42]} 29. Rxc7 {[%clk 00:02:50]} {[%emt 00:00:03]} Rxc7 {[%clk 00:02:39]}
{[%emt 00:00:09]} 30. Ne5 {[%clk 00:01:15]} {[%emt 00:02:04]} Nc3 {[%clk
00:02:22]} {[%emt 00:00:48]} 31. Re1 {[%clk 00:01:23]} {[%emt 00:00:22]} Be4
{[%clk 00:02:34]} {[%emt 00:00:18]} 32. b6 {[%clk 00:00:47]} {[%emt 00:01:07]}
axb6 {[%clk 00:01:33]} {[%emt 00:01:31]} 33. Qxb6 {[%clk 00:01:16]} {[%emt
00:00:01]} Qc5 {[%clk 00:00:43]} {[%emt 00:01:20]} 34. Qe6 {[%clk 00:00:59]}
{[%emt 00:00:46]} Qe7 {[%clk 00:00:51]} {[%emt 00:00:22]} 35. Qb3 {[%clk
00:00:32]} {[%emt 00:00:58]} g6 {[%clk 00:01:02]} {[%emt 00:00:19]} 36. h4
{[%clk 00:00:32]} {[%emt 00:00:30]} Qc5 {[%clk 00:00:38]} {[%emt 00:00:54]} 37.
Qe6 {[%clk 00:00:34]} {[%emt 00:00:28]} Qe7 {[%clk 00:01:01]} {[%emt 00:00:07]}
38. Qb6 {[%clk 00:00:54]} {[%emt 00:00:10]} Qc5 {[%clk 00:01:21]} {[%emt
00:00:10]} 39. Qf6+ {[%clk 00:01:22]} {[%emt 00:00:02]} Kg8 {[%clk 00:01:36]}
{[%emt 00:00:14]} 40. Kh2 {[%clk 00:00:53]} {[%emt 00:00:59]} Qe7 {[%clk
00:01:52]} {[%emt 00:00:14]} 41. Qa6 {[%clk 00:01:01]} {[%emt 00:00:21]} Kg7
{[%clk 00:01:52]} {[%emt 00:00:31]} 42. a5 {[%clk 00:00:50]} {[%emt 00:00:41]}
Ra7 {[%clk 00:01:46]} {[%emt 00:00:36]} 43. Qb6 {[%clk 00:01:11]} {[%emt
00:00:09]} Nd5 {[%clk 00:00:34]} {[%emt 00:01:43]} 44. Qxd4 {[%clk 00:01:39]}
{[%emt 00:00:02]} Nf6 {[%clk 00:00:58]} {[%emt 00:00:06]} 45. Bxe4 {[%emt
00:00:48]} fxe4 {[%clk 00:01:22]} 46. Nc6 {[%clk 00:01:41]} {[%emt 00:00:14]}
Rd7 {[%clk 00:01:23]} {[%emt 00:00:30]} 47. Qc3 {[%clk 00:00:56]} {[%emt
00:01:14]} Qe6 {[%clk 00:01:11]} {[%emt 00:00:42]} 48. Nd4 {[%clk 00:00:32]}
{[%emt 00:00:55]} Qa2+ {[%clk 00:00:42]} {[%emt 00:00:59]} 49. Re2 {[%clk
00:00:45]} {[%emt 00:00:16]} Qb1 {[%clk 00:01:05]} {[%emt 00:00:07]} 50. Ne6+
{[%clk 00:01:03]} {[%emt 00:00:11]} Kf7 {[%clk 00:01:18]} {[%emt 00:00:17]} 51.
Ng5+ {[%clk 00:01:16]} {[%emt 00:00:17]} Ke7 {[%clk 00:00:59]} {[%emt
00:00:50]} 52. Qe5+ {[%clk 00:01:40]} {[%emt 00:00:06]} Kd8 {[%clk 00:01:00]}
{[%emt 00:00:29]} 53. Qxf6+ {[%clk 00:02:08]} {[%emt 00:00:02]} Kc8 {[%clk
00:01:23]} {[%emt 00:00:08]} 54. Qc6+ {[%clk 00:01:54]} {[%emt 00:00:43]} Rc7
{[%clk 00:01:25]} {[%emt 00:00:28]} 55. Qa8+ {[%clk 00:02:22]} {[%emt
00:00:02]} Kd7 {[%clk 00:01:49]} {[%emt 00:00:07]} 56. Rd2+ {[%clk 00:02:49]}
{[%emt 00:00:03]} e3 {[%emt 00:00:15]} 1-0

[Event "S16 a S20"]
[Site "Cambrils"]
[Date "2023.04.05"]
[Round "8.6"]
[White "Bernado Lopez, Roger"]
[Black "Creixans Comerma, Pol"]
[Result "1/2-1/2"]
[TimeControl "90'+30\""]
[WhiteElo "2203"]
[BlackElo "2008"]

1. e4 {[%clk 01:29:45]} {[%emt 00:01:15]} c5 {[%clk 01:30:55]} {[%emt
00:00:06]} 2. Nf3 {[%clk 01:30:10]} {[%emt 00:00:05]} Nc6 {[%clk 01:31:21]}
{[%emt 00:00:04]} 3. d4 {[%clk 01:30:35]} {[%emt 00:00:05]} cxd4 {[%clk
01:31:46]} {[%emt 00:00:05]} 4. Nxd4 {[%clk 01:31:01]} {[%emt 00:00:04]} Nf6
{[%clk 01:32:07]} {[%emt 00:00:09]} 5. Nc3 {[%clk 01:31:23]} {[%emt 00:00:09]}
d6 {[%clk 01:32:21]} {[%emt 00:00:15]} 6. Bg5 {[%clk 01:31:32]} {[%emt
00:00:21]} e6 {[%clk 01:32:44]} {[%emt 00:00:07]} 7. Qd2 {[%clk 01:31:37]}
{[%emt 00:00:25]} h6 {[%clk 01:33:06]} {[%emt 00:00:08]} 8. Bxf6 {[%clk
01:29:05]} {[%emt 00:03:02]} gxf6 {[%clk 01:33:32]} {[%emt 00:00:04]} 9. O-O-O
{[%clk 01:27:28]} {[%emt 00:02:07]} a6 {[%clk 01:33:42]} {[%emt 00:00:20]} 10.
Kb1 {[%clk 01:27:13]} {[%emt 00:00:45]} Bd7 {[%clk 01:33:42]} {[%emt 00:00:30]}
11. f4 {[%clk 01:26:09]} {[%emt 00:01:35]} Qc7 {[%clk 01:33:50]} {[%emt
00:00:21]} 12. f5 {[%clk 01:24:24]} {[%emt 00:02:15]} O-O-O {[%clk 01:32:20]}
{[%emt 00:02:00]} 13. g3 {[%clk 01:17:49]} {[%emt 00:07:06]} Kb8 {[%clk
01:31:20]} {[%emt 00:01:30]} 14. Bh3 {[%clk 01:10:48]} {[%emt 00:07:31]} Nxd4
{[%clk 01:29:47]} {[%emt 00:02:03]} 15. Qxd4 {[%clk 01:11:15]} {[%emt
00:00:03]} Be7 {[%clk 01:28:48]} {[%emt 00:01:28]} 16. Qd2 {[%clk 01:05:32]}
{[%emt 00:06:13]} Rc8 {[%clk 01:24:32]} {[%emt 00:04:45]} 17. fxe6 {[%clk
01:05:14]} {[%emt 00:00:48]} fxe6 {[%clk 01:24:44]} {[%emt 00:00:18]} 18. Ne2
{[%clk 01:04:52]} {[%emt 00:00:53]} e5 {[%clk 01:09:23]} {[%emt 00:15:51]} 19.
Bxd7 {[%clk 01:04:51]} {[%emt 00:00:31]} Qxd7 {[%clk 01:00:06]} {[%emt
00:09:46]} 20. Rhf1 {[%clk 01:00:02]} {[%emt 00:05:19]} Rc4 {[%clk 00:58:26]}
{[%emt 00:02:09]} 21. Nc3 {[%clk 00:56:01]} {[%emt 00:04:31]} Rhc8 {[%clk
00:56:54]} {[%emt 00:02:03]} 22. Qxh6 {[%clk 00:35:58]} {[%emt 00:20:32]} Bd8
{[%clk 00:41:47]} {[%emt 00:15:38]} 23. Qd2 {[%clk 00:22:06]} {[%emt 00:14:22]}
Ba5 {[%clk 00:40:58]} {[%emt 00:01:19]} 24. Qxd6+ {[%clk 00:21:57]} {[%emt
00:00:39]} Qxd6 {[%clk 00:41:23]} {[%emt 00:00:05]} 25. Rxd6 {[%clk 00:22:24]}
{[%emt 00:00:04]} Bxc3 {[%clk 00:41:47]} {[%emt 00:00:06]} 26. bxc3 {[%clk
00:22:50]} {[%emt 00:00:04]} Rxe4 {[%clk 00:36:32]} {[%emt 00:05:44]} 27. Rdxf6
{[%clk 00:16:38]} {[%emt 00:06:42]} Rxc3 {[%clk 00:36:24]} {[%emt 00:00:37]} 28.
R1f3 {[%clk 00:16:12]} {[%emt 00:00:56]} Rc5 {[%clk 00:35:29]} {[%emt
00:01:25]} 29. h4 {[%clk 00:05:02]} {[%emt 00:11:41]} Re2 {[%clk 00:34:24]}
{[%emt 00:01:34]} 30. Rf2 {[%clk 00:04:36]} {[%emt 00:00:55]} Re1+ {[%emt
00:02:04]} 1/2-1/2

[Event "S16 a S20"]
[Site "Cambrils"]
[Date "2023.04.05"]
[Round "8.7"]
[White "Serrahima Susany, Ramon"]
[Black "Ano Pla, Gerard"]
[Result "1/2-1/2"]
[TimeControl "90'+30\""]
[BlackFideId "24560561"]
[WhiteElo "2183"]
[BlackElo "2189"]

1. e4 {[%clk 01:30:58]} {[%emt 00:00:02]} c6 {[%clk 01:30:57]} {[%emt
00:00:03]} 2. d4 {[%clk 01:31:13]} {[%emt 00:00:14]} g6 {[%clk 01:31:22]}
{[%emt 00:00:05]} 3. Nc3 {[%clk 01:31:01]} {[%emt 00:00:42]} Bg7 {[%clk
01:31:30]} {[%emt 00:00:21]} 4. Nf3 {[%clk 01:31:02]} {[%emt 00:00:30]} d5
{[%clk 01:31:45]} {[%emt 00:00:15]} 5. h3 {[%clk 01:30:40]} {[%emt 00:00:52]}
dxe4 {[%clk 01:29:55]} {[%emt 00:02:21]} 6. Nxe4 {[%clk 01:31:02]} {[%emt
00:00:08]} Nd7 {[%clk 01:29:34]} {[%emt 00:00:51]} 7. Bd3 {[%clk 01:30:01]}
{[%emt 00:01:31]} Ngf6 {[%clk 01:29:36]} {[%emt 00:00:28]} 8. Nxf6+ {[%clk
01:30:03]} {[%emt 00:00:28]} Nxf6 {[%clk 01:29:36]} {[%emt 00:00:29]} 9. O-O
{[%clk 01:30:11]} {[%emt 00:00:21]} O-O {[%clk 01:30:00]} {[%emt 00:00:06]} 10.
Bf4 {[%clk 01:30:14]} {[%emt 00:00:27]} Qb6 {[%clk 01:25:03]} {[%emt 00:05:27]}
11. Qd2 {[%clk 01:24:23]} {[%emt 00:06:22]} Nd5 {[%clk 01:20:05]} {[%emt
00:05:28]} 12. Bh6 {[%clk 01:19:24]} {[%emt 00:05:29]} Qxb2 {[%clk 01:06:56]}
{[%emt 00:13:39]} 13. Bxg7 {[%clk 01:19:37]} {[%emt 00:00:16]} Kxg7 {[%clk
01:07:17]} {[%emt 00:00:09]} 14. Qg5 {[%clk 01:18:32]} {[%emt 00:01:35]} Qa3
{[%clk 01:02:11]} {[%emt 00:05:36]} 15. Rfe1 {[%clk 01:09:46]} {[%emt
00:09:15]} Qd6 {[%clk 00:58:06]} {[%emt 00:04:35]} 16. Bc4 {[%clk 00:57:10]}
{[%emt 00:13:07]} h6 {[%clk 00:53:52]} {[%emt 00:04:43]} 17. Qd2 {[%clk
00:52:49]} {[%emt 00:04:51]} Qf6 {[%clk 00:44:31]} {[%emt 00:09:52]} 18. Qe2
{[%clk 00:38:46]} {[%emt 00:14:32]} Be6 {[%clk 00:40:10]} {[%emt 00:04:51]} 19.
Bxd5 {[%clk 00:35:15]} {[%emt 00:04:01]} cxd5 {[%clk 00:36:37]} {[%emt
00:04:04]} 20. Rab1 {[%clk 00:34:53]} {[%emt 00:00:52]} b6 {[%clk 00:36:24]}
{[%emt 00:00:43]} 21. Rb3 {[%clk 00:34:40]} {[%emt 00:00:43]} Rfc8 {[%clk
00:35:46]} {[%emt 00:01:08]} 22. Re3 {[%clk 00:33:38]} {[%emt 00:01:31]} Rc7
{[%clk 00:25:32]} {[%emt 00:10:44]} 23. c3 {[%clk 00:29:39]} {[%emt 00:04:29]}
Rac8 {[%clk 00:25:22]} {[%emt 00:00:39]} 24. Qd2 {[%clk 00:28:17]} {[%emt
00:01:52]} b5 {[%clk 00:21:57]} {[%emt 00:03:56]} 25. Qb2 {[%clk 00:26:52]}
{[%emt 00:01:55]} Bd7 {[%clk 00:19:45]} {[%emt 00:02:41]} 26. Ne5 {[%emt
00:04:40]} 1/2-1/2

[Event "S16 a S20"]
[Site "Cambrils"]
[Date "2023.04.05"]
[Round "8.8"]
[White "Porta Isant, Lluis"]
[Black "Valle Luis, Leo"]
[Result "0-1"]
[TimeControl "90'+30\""]
[BlackFideId "54577187"]
[WhiteElo "1995"]
[BlackElo "2377"]

1. e4 {[%clk 01:30:58]} {[%emt 00:00:01]} c6 {[%clk 01:30:56]} {[%emt
00:00:04]} 2. d4 {[%clk 01:31:22]} {[%emt 00:00:06]} d5 {[%clk 01:31:21]}
{[%emt 00:00:05]} 3. Nc3 {[%clk 01:31:31]} {[%emt 00:00:21]} dxe4 {[%clk
01:31:42]} {[%emt 00:00:08]} 4. Nxe4 {[%clk 01:31:59]} {[%emt 00:00:02]} Nf6
{[%clk 01:32:02]} {[%emt 00:00:10]} 5. Nxf6+ {[%clk 01:32:23]} {[%emt
00:00:06]} exf6 {[%clk 01:32:30]} {[%emt 00:00:02]} 6. c3 {[%clk 01:32:41]}
{[%emt 00:00:12]} Bd6 {[%clk 01:32:54]} {[%emt 00:00:04]} 7. Bd3 {[%clk
01:33:05]} {[%emt 00:00:09]} O-O {[%clk 01:33:08]} {[%emt 00:00:14]} 8. Qc2
{[%clk 01:32:57]} {[%emt 00:00:40]} Re8+ {[%clk 01:33:30]} {[%emt 00:00:08]} 9.
Ne2 {[%clk 01:32:58]} {[%emt 00:00:28]} h5 {[%clk 01:33:47]} {[%emt 00:00:13]}
10. O-O {[%clk 01:33:08]} {[%emt 00:00:21]} h4 {[%clk 01:34:04]} {[%emt
00:00:12]} 11. Bf4 {[%clk 01:30:46]} {[%emt 00:02:52]} Bg4 {[%clk 01:21:53]}
{[%emt 00:12:41]} 12. Bxd6 {[%clk 01:26:30]} {[%emt 00:04:47]} Bxe2 {[%clk
01:20:24]} {[%emt 00:01:59]} 13. Bxe2 {[%clk 01:26:25]} {[%emt 00:00:35]} Qxd6
{[%clk 01:20:47]} {[%emt 00:00:07]} 14. Bc4 {[%clk 01:13:30]} {[%emt 00:13:25]}
b5 {[%clk 01:13:51]} {[%emt 00:07:27]} 15. Bb3 {[%clk 01:12:12]} {[%emt
00:01:48]} Nd7 {[%clk 01:06:20]} {[%emt 00:08:01]} 16. Qg6 {[%clk 01:01:19]}
{[%emt 00:11:23]} Re7 {[%clk 01:05:37]} {[%emt 00:01:14]} 17. Qg4 {[%clk
00:58:51]} {[%emt 00:02:58]} Nf8 {[%clk 01:04:11]} {[%emt 00:01:56]} 18. Rae1
{[%clk 00:50:18]} {[%emt 00:09:02]} Rae8 {[%clk 01:02:29]} {[%emt 00:02:12]} 19.
Rxe7 {[%clk 00:43:34]} {[%emt 00:07:14]} Qxe7 {[%clk 01:02:49]} {[%emt
00:00:09]} 20. Qxh4 {[%clk 00:43:22]} {[%emt 00:00:43]} a5 {[%clk 00:52:28]}
{[%emt 00:10:51]} 21. Qh3 {[%clk 00:32:42]} {[%emt 00:11:10]} Qe2 {[%clk
00:45:58]} {[%emt 00:07:00]} 22. Qf3 {[%clk 00:29:34]} {[%emt 00:03:38]} Qxf3
{[%clk 00:42:25]} {[%emt 00:04:03]} 23. gxf3 {[%clk 00:29:56]} {[%emt
00:00:08]} Re2 {[%clk 00:42:54]} 24. Rb1 {[%clk 00:29:08]} {[%emt 00:01:18]}
Ng6 {[%clk 00:42:01]} {[%emt 00:01:24]} 25. Kf1 {[%clk 00:27:49]} {[%emt
00:01:49]} Nf4 {[%clk 00:41:35]} {[%emt 00:00:56]} 26. a4 {[%clk 00:23:02]}
{[%emt 00:05:18]} Rd2 {[%clk 00:39:42]} {[%emt 00:02:22]} 27. axb5 {[%clk
00:18:30]} {[%emt 00:05:02]} cxb5 {[%clk 00:40:05]} {[%emt 00:00:07]} 28. Bd1
{[%clk 00:15:43]} {[%emt 00:03:16]} Nd3 {[%clk 00:27:58]} {[%emt 00:12:38]} 29.
Be2 {[%clk 00:14:15]} {[%emt 00:01:58]} Nxb2 {[%clk 00:27:54]} {[%emt
00:00:34]} 30. Ke1 {[%clk 00:12:58]} {[%emt 00:01:47]} Rc2 {[%clk 00:28:13]}
{[%emt 00:00:10]} 31. Bxb5 {[%clk 00:10:37]} {[%emt 00:02:50]} a4 {[%clk
00:28:10]} {[%emt 00:00:34]} 32. d5 {[%clk 00:05:38]} {[%emt 00:05:29]} a3
{[%clk 00:23:44]} {[%emt 00:04:56]} 33. d6 {[%clk 00:05:48]} {[%emt 00:00:20]}
Kf8 {[%clk 00:24:07]} {[%emt 00:00:08]} 34. Kf1 {[%clk 00:04:37]} {[%emt
00:01:41]} Rd2 {[%clk 00:24:23]} {[%emt 00:00:13]} 35. Re1 {[%clk 00:03:29]}
{[%emt 00:01:37]} Rd1 {[%clk 00:24:48]} {[%emt 00:00:06]} 36. Rxd1 {[%clk
00:01:56]} {[%emt 00:02:04]} Nxd1 {[%clk 00:25:17]} {[%emt 00:00:02]} 37. Bc4
{[%clk 00:01:51]} {[%emt 00:00:35]} Nxc3 {[%clk 00:25:40]} {[%emt 00:00:06]} 38.
d7 {[%clk 00:02:03]} {[%emt 00:00:17]} Ke7 {[%clk 00:26:05]} {[%emt 00:00:06]}
39. Bxf7 {[%clk 00:02:20]} {[%emt 00:00:12]} a2 {[%clk 00:26:27]} {[%emt
00:00:09]} 40. Bxa2 {[%clk 00:02:43]} {[%emt 00:00:07]} Nxa2 {[%clk 00:26:56]}
{[%emt 00:00:02]} 41. Ke2 {[%clk 00:02:50]} {[%emt 00:00:23]} Kxd7 {[%clk
00:27:20]} {[%emt 00:00:06]} 42. Kd3 {[%clk 00:03:09]} {[%emt 00:00:11]} Ke6
{[%clk 00:27:26]} {[%emt 00:00:24]} 43. Kd4 {[%emt 00:00:29]} Ke5+ 0-1

[Event "S16 a S20"]
[Site "Cambrils"]
[Date "2023.04.05"]
[Round "8.9"]
[White "Domene Mulyukov, Alexander"]
[Black "Lozano Casasayas, Marc"]
[Result "1-0"]
[TimeControl "90'+30\""]
[WhiteTitle "FM"]
[WhiteFideId "24589802"]
[WhiteElo "2236"]
[BlackElo "1909"]

1. e4 {[%clk 01:29:23]} {[%emt 00:01:35]} c6 {[%clk 01:30:55]} {[%emt
00:00:06]} 2. d4 {[%clk 01:29:48]} {[%emt 00:00:06]} d5 {[%clk 01:31:21]}
{[%emt 00:00:04]} 3. e5 {[%clk 01:30:12]} {[%emt 00:00:05]} c5 {[%clk
01:31:47]} {[%emt 00:00:04]} 4. dxc5 {[%clk 01:30:38]} {[%emt 00:00:05]} e6
{[%clk 01:32:13]} {[%emt 00:00:04]} 5. Qg4 {[%clk 01:30:14]} {[%emt 00:00:53]}
h5 {[%clk 01:32:36]} {[%emt 00:00:07]} 6. Qf4 {[%clk 01:30:39]} {[%emt
00:00:05]} Bxc5 {[%clk 01:31:24]} {[%emt 00:01:41]} 7. Bd3 {[%clk 01:27:46]}
{[%emt 00:03:25]} Nc6 {[%clk 01:29:58]} {[%emt 00:01:56]} 8. Nf3 {[%clk
01:24:28]} {[%emt 00:03:47]} Nh6 {[%clk 01:06:21]} {[%emt 00:24:07]} 9. h3
{[%clk 01:16:16]} {[%emt 00:08:43]} Qc7 {[%clk 00:59:54]} {[%emt 00:06:57]} 10.
a3 {[%clk 01:06:29]} {[%emt 00:10:17]} a6 {[%clk 00:56:59]} {[%emt 00:03:24]}
11. b4 {[%clk 01:04:02]} {[%emt 00:02:57]} Ba7 {[%clk 00:57:15]} {[%emt
00:00:13]} 12. O-O {[%clk 01:00:10]} {[%emt 00:04:22]} Bd7 {[%clk 00:48:11]}
{[%emt 00:09:33]} 13. Qg5 {[%clk 00:50:03]} {[%emt 00:10:37]} Nf5 {[%clk
00:39:58]} {[%emt 00:08:43]} 14. Bxf5 {[%clk 00:29:17]} {[%emt 00:21:16]} exf5
{[%clk 00:40:21]} {[%emt 00:00:07]} 15. Bf4 {[%clk 00:23:20]} {[%emt 00:06:26]}
Be6 {[%clk 00:39:13]} {[%emt 00:01:38]} 16. Nbd2 {[%clk 00:19:38]} {[%emt
00:04:12]} Ne7 {[%clk 00:28:29]} {[%emt 00:11:15]} 17. Nb3 {[%clk 00:10:42]}
{[%emt 00:09:26]} O-O-O {[%clk 00:22:48]} {[%emt 00:06:09]} 18. Be3 {[%clk
00:09:52]} {[%emt 00:01:21]} Bxe3 {[%clk 00:19:45]} {[%emt 00:03:34]} 19. Qxe3
{[%clk 00:10:03]} {[%emt 00:00:18]} Nc6 {[%clk 00:19:30]} {[%emt 00:00:44]} 20.
Nbd4 {[%clk 00:08:30]} {[%emt 00:02:04]} Nxd4 {[%clk 00:08:17]} {[%emt
00:11:43]} 21. Nxd4 {[%clk 00:08:51]} {[%emt 00:00:09]} g5 {[%clk 00:07:02]}
{[%emt 00:01:44]} 22. Qxg5 {[%clk 00:06:52]} {[%emt 00:02:30]} Qxe5 {[%clk
00:06:23]} {[%emt 00:01:10]} 23. Qd2 {[%clk 00:07:13]} {[%emt 00:00:07]} Qc7
{[%clk 00:04:57]} {[%emt 00:01:56]} 24. f4 {[%clk 00:07:25]} {[%emt 00:00:18]}
Kb8 {[%clk 00:04:16]} {[%emt 00:01:12]} 25. a4 {[%clk 00:06:55]} {[%emt
00:01:00]} Rc8 {[%clk 00:03:57]} {[%emt 00:00:49]} 26. Rf3 {[%clk 00:07:08]}
{[%emt 00:00:17]} Qb6 {[%clk 00:03:30]} {[%emt 00:00:58]} 27. a5 {[%clk
00:05:07]} {[%emt 00:02:31]} Rxc2 {[%clk 00:03:39]} {[%emt 00:00:21]} 28. Qe3
{[%clk 00:05:24]} {[%emt 00:00:12]} 1-0